[Event "EU-chT (Men) 14th"]
[Site "Plovdiv"]
[Date "2003.10.19"]
[Round "8.2"]
[White "Smirin, Ilia"]
[Black "Moiseenko, Alexander"]
[Result "1-0"]
[WhiteElo "2670"]
[BlackElo "2618"]
[Annotator "Erenburg,S"]
[PlyCount "109"]
[EventDate "2003.10.10"]
[EventType "team-swiss"]
[EventRounds "9"]
[EventCountry "BUL"]
[SourceTitle "CBM 098"]
[Source "ChessBase"]
[SourceDate "2004.02.03"]
[SourceVersion "1"]
[SourceVersionDate "2004.02.03"]
[SourceQuality "1"]
[WhiteTeam "Israel"]
[BlackTeam "Ukraine"]
[WhiteTeamCountry "ISR"]
[BlackTeamCountry "UKR"]

1. e4 c5 2. Nf3 Nc6 3. Bb5 e6 4. O-O Nge7 5. c3 {Another way to fight for an
advantage is} (5. Re1 {1/2-1/2 Felgaer,R-Shabalov,A/Buenos Aires 2003/CBM
97_01/[Erenburg] (47)}) 5... a6 6. Ba4 b5 7. Bc2 Bb7 8. Re1 Rc8 9. a4 {White
tried the following continuations:} (9. a3 {1/2-1/2 Westerinen,H-Schandorff,L/
Gentofte 1999/CBM 73/[Gershon] (44)}) (9. d4 {is too early, in view of} cxd4
10. cxd4 Nb4 $1 11. Bb3 Rxc1 12. Qxc1 Nd3 $10) (9. d3 $6 g6 $5 10. Be3 d6 11.
a3 Qc7 {[%cal Gc7c2]} 12. d4 cxd4 13. cxd4 Nb4 $1 14. Nc3 {1/2-1/2 Suetin,
A-Teske,H/Bern op (03) 1996}) 9... Ng6 {Black has other possibilities:} (9...
Qb6 {1-0 Morozevich,A-Smirin,I/Moscow 2002/CBM 91/[Rabinovich,Al] (35)}) (9...
b4 {1-0 Van den Doel,E-Cherniaev,A/Wijk aan Zee 1998/CBM 63/[Finkel,A] (37)})
10. Na3 {attacking the b5 pawn, thus, trying to force black to give up on the
c4 square.} (10. axb5 axb5 11. d4 cxd4 12. Nxd4 $5 {1/2-1/2 Spasov,V-Gulko,B/
Biel 1993/CBM 37/[Horvath,Ta] (55)}) 10... b4 {Black has possibility to defend
the b5 pawn with:} (10... Qb6 11. axb5 axb5 12. d4 {-see Morozevish,A-Smirin,I/
Moscow 2002/CBM 91/[Rabinovich,Al] (35)}) 11. Nc4 Qc7 $146 {According to my
database, this position appeared for the first time. In the previous games
black tried} (11... Be7 $6 12. a5 $1 d5 13. exd5 exd5 14. Nb6 Rc7 (14... Rb8
15. Bf5 $1 Nxa5 16. Nd7 Rc8 17. d4 $40) 15. d4 $36) (11... Na5 {1-0 Granda
Zuniga,J-Lima,D/Leon 1997/CBM 60/[Liss,E] (53)}) 12. h4 $5 {Very typical idea
to push forward the "h" pawn in order to emphasize the defect of black's
knight location on g6.} (12. a5 $5 {comes to consideration, as it fixes
black's pawn on a6.}) 12... Be7 (12... h5 13. e5 $1) 13. h5 Nge5 ({Deserves
attention:} 13... Nf4 {, which was the most principal reply.} 14. d4 (14. h6
gxh6 15. d4 cxd4 16. cxd4 Rg8 $132) 14... cxd4 (14... Nxh5 15. d5 $18) 15. cxd4
(15. Bxf4 Qxf4 16. cxd4 O-O 17. d5 Nb8 18. d6 Rxc4 19. dxe7 Re8 $15) 15... Nxh5
16. d5 Na5 17. Nxa5 Qxa5 18. Nd4 Nf6 19. Bf4 Qb6 $1 20. a5 Qc5 $13) 14. Nfxe5
Nxe5 15. Nxe5 Qxe5 16. d4 {White realized his main opening idea- he took
control over the centre.} cxd4 17. cxd4 Qf6 18. Be3 g6 (18... O-O 19. Bd3) 19.
Bd3 Qh4 (19... O-O 20. Qg4 (20. Qe2 $5) (20. a5 $5)) 20. Rc1 O-O 21. hxg6 fxg6
{opening the "f" file for a rook.} (21... hxg6 $5 {is possible alternative.})
22. Rxc8 Rxc8 23. g3 Qf6 24. a5 $1 $14 {Very strong move, which fixes black's
a6 pawn, thus, making it a target. White's chances are better, thanks to a
superior pawn structure and weaknesses in the black camp.} Bf8 {preparing the
transfer of the dark-squared bishop to long diagonal.} (24... d5 25. e5 Qf7 26.
Qe2 $14) 25. Qe2 Rc6 (25... Ra8 $14 {[%cal Gf6d8] is very passive, but it
isn't so easy to prove,that black's position is so bad.}) 26. d5 $1 {It is the
right time to open up the position.} exd5 27. exd5 Rc8 28. Bc4 Kh8 $2 {allows
white to get a decisive advantage. Better was} (28... Qd6 $14) 29. Rd1 $2 {
missing more attractive continuation:} (29. Bb6 $1 Bg7 (29... Ra8 30. Qg4 Qd6
31. Bd4+ Bg7 32. Qh4 $1 {[%cal Ge1e7]} Bxd4 33. Qxd4+ Kg8 34. Re7 $1 $18) 30.
Bxa6 Bxa6 31. Qxa6 Rf8 32. Re2 $18) 29... Bg7 30. b3 Re8 31. Qg4 d6 $2 {
Serious mistake, which leaves the a6 and b4 pawns without defence.} (31... Qd6
{near to equality.}) 32. Bf1 $16 {Now black cannot hold a material balance.} (
32. Qd7 {was strong enough as well:} Qe7 33. Qxe7 Rxe7 34. Bf4 Be5 (34... Rd7
35. Re1 $16) 35. Re1 Kg7 36. Bd2 $16) 32... h5 {Other continuations don't make
black's life easier:} (32... Qf5 33. Qxb4 Bxd5 34. Qxd6 Bxb3 35. Qd7 $1 $16 Qe4
36. Rd4 $1) (32... Qf7 33. Qxb4 Bxd5 34. Qxd6 Bxb3 35. Qd7 $1 $18) 33. Qxb4 Qf3
34. Qd2 h4 35. Bd4 {parrying black's initiative.} (35. Bg2 $16 {is also
possible.}) 35... Kg8 (35... Qxb3 $4 36. Qh6+) 36. Bg2 Qg4 $2 {After this move
black's chances are very low. More resistant was} (36... Qxb3 37. Bxg7 Kxg7 38.
gxh4 Re5 39. Qd4 (39. Re1 Rxe1+ 40. Qxe1 Bxd5 41. Qe7+ Kg8 42. Qxd6 $16) 39...
Kf7 40. Rd3 $16) 37. Bxg7 Kxg7 38. Rc1 (38. Qc3+ {was simplier:} Kg8 39. Rd4
$18) 38... hxg3 (38... Re7 39. Rc4) 39. Rc7+ Kg8 40. Rxb7 $18 {White is a
piece up and he has enough resourses to parry black's attack.} Re2 ({Doesn't
change anything:} 40... gxf2+ 41. Kxf2 $1 (41. Qxf2 Qd1+ 42. Bf1 (42. Kh2 Qh5+
$11) 42... Rf8 43. Qg2 Qd4+ 44. Kh1 Qh4+ $11) 41... Qh4+ 42. Kf1 Rf8+ 43. Kg1
$18) 41. f3 $1 Re1+ 42. Bf1 $1 (42. Qxe1 Qd4+ 43. Kf1 (43. Kh1 Qh4+ $11 (43...
Qh8+ $4 44. Rh7 $1 $18)) 43... Qd3+ 44. Qe2 Qb1+ $11) 42... Qh3 43. Rb8+ $1 {
Very important check.} ({Otherwise after} 43. Qg2 Qh4 44. Rb8+ Kf7 45. f4 Qxf4
$11 {And now white hasn't the check on the "h" file.}) 43... Kh7 (43... Kf7 44.
Qf4+) (43... Kg7 44. Qc3+) 44. Qg2 Qh4 ({The endgame, which could arised after
} 44... Qh2+ 45. Qxh2+ gxh2+ 46. Kxh2 Rxf1 47. Rb6 {is absolutely winning for
white. For example:} Rxf3 48. b4 Rb3 49. Rxa6 Rxb4 50. Rxd6 $18) 45. f4 $18
Rxf1+ (45... Rb1 46. Rc8 $18 (46. Qc2 Rxf1+ 47. Kxf1 Qh1+ 48. Ke2 Qh2+ $19))
46. Kxf1 Qxf4+ 47. Ke2 Qe5+ 48. Kd3 Qf5+ 49. Kd2 Qf4+ 50. Kc2 Qf5+ 51. Kb2 Qf6+
52. Ka2 Qf2+ 53. Qxf2 gxf2 54. Rf8 f1=R 55. Rxf1 {It was very important
victory for Israeli team over dangerous team of Ukraine.} 1-0

[Event "EU-chT (Men) 14th"]
[Site "Plovdiv"]
[Date "2003.10.11"]
[Round "1.1"]
[White "Kveinys, Aloyzas"]
[Black "Fedorov, Alexei"]
[Result "1-0"]
[WhiteElo "2495"]
[BlackElo "2595"]
[Annotator "Erenburg,S"]
[PlyCount "75"]
[EventDate "2003.10.10"]
[EventType "team-swiss"]
[EventRounds "9"]
[EventCountry "BUL"]
[SourceTitle "CBM 098"]
[Source "ChessBase"]
[SourceDate "2004.02.03"]
[SourceVersion "1"]
[SourceVersionDate "2004.02.03"]
[SourceQuality "1"]
[WhiteTeam "Lithuania"]
[BlackTeam "Belarus"]
[WhiteTeamCountry "LTU"]
[BlackTeamCountry "BLR"]

{[%mdl 8192]} 1. e4 c5 2. Nf3 Nc6 3. Bb5 e6 4. Bxc6 bxc6 5. Qe2 {Very rare
move in this position. But, usually it transposes to 5.d3 variations.} Ne7 6.
d3 Qc7 {Interesting move. Black's idea is to play e6-e5 as soon as possible.
If white pushes forward his "e" pawn, black can reply with the pressure on it
with Ng6 and following f7-f6.} (6... Ng6 7. O-O Be7 8. c4 e5 9. Nc3 O-O 10. Be3
d6 11. Qc2 Bg4 12. Nd2 Bg5 $11 {1-0 Willmoth,R-Aarthie,R/Torquay 2002/CBM 91/
[Hecht] (53)}) (6... f6 {1-0 Marcelin,C-Bacrot,E/Val d'Isere 2002/CBM 91/
[Rabinovich,Al] (40)}) (6... d6 {1-0 Vescovi,G-Matsuura,E/Sao Paulo 2001/CBM
82 ext/[Melao,H] (41)}) 7. e5 {White's main strategical idea is not to allow
black to get into the game his light-squared bishop. Therefore, white's last
move is logical, he fixes black's pawn structure, limitting the possibilities
of the light-squared bishop. White tried here many other moves:} (7. Ng5 h6 8.
Nh3 g6 9. f4 Bg7 10. c4 e5 11. Nc3 d5 12. O-O O-O 13. g4 exf4 14. Bxf4 Qd7 15.
exd5 cxd5 $11 {1/2-1/2 Ponomariov,R-Anand,V/XX SuperGM, Linares ESP 2003 (44)})
(7. O-O Ng6 8. Ng5 e5 (8... Be7 {1/2-1/2 Ovetchkin,R-Sherbakov,R/Smolensk 2000/
CBM 77/[Gershon] (43)}) 9. Qh5 d5 10. Nc3 Bb7 11. f4 exf4 12. exd5 Bd6 13. Nce4
$16 {1-0 McShane,L-Timman,J/11th Sigeman & Co, Malmoe SWE 2003 (33)}) (7. Nh4
h6 8. g3 g6 9. f4 Bg7 10. Nf3 O-O 11. Nbd2 f6 12. e5 fxe5 13. fxe5 g5 14. Qe4
Nf5 15. O-O Ba6 16. Nb3 Nd4 17. Nbxd4 cxd4 18. Bxg5 Rxf3 19. Qxf3 hxg5 20. Qf7+
Kh8 21. Rae1 $16 {1-0 Malakhov,V-Nedev,T/ECC, Rethymnon GRE 2003 (34)}) (7. Nc3
Ng6 8. Ng5 e5 9. Qh5 d6 10. O-O h6 11. Nh3 Be7 12. Kh1 Bf6 13. Ng1 {1/2-1/2
Anand,V-Grischuk,A/GMA, Wijk aan Zee NED 2003 (13)}) 7... Ng6 $146 {This
novelty is stronger, than 7...Nf5 . In the previous game black continued} (7...
Nf5 8. Bd2 Be7 9. Bc3 O-O 10. Nbd2 Bb7 11. Rg1 d5 12. exd6 Nxd6 13. Qe5 f6 14.
Qxe6+ Kh8 15. O-O-O $16 {1-0 Prokopchuk,E-Sherbakov,R/Novgorod 1999/CBM 69 ext
(48)}) 8. Na3 {preparing to occupy the c4 square.} Be7 9. h4 {It is typical to
push forward the "h" pawn, emphasizing the defect of the location of the
knight on g6.} (9. Nc4 O-O 10. h4 f6 {-the game.}) 9... f6 10. Nc4 ({White
gets nothing after} 10. exf6 Bxf6 11. h5 Nf4 12. Qe4 Nd5 13. Nc4 O-O $11) 10...
O-O 11. h5 Nxe5 12. Ncxe5 fxe5 13. h6 {weakening the dark squares in the black
camp.} g6 14. Nxe5 d6 15. Nc4 e5 {Now we see, that black has succeeded to
solve his opening problems. His light-squared bishop isn't passive anymore. In
addition, black can get better position, if he provides the breakthrough d6-d5.
} ({Interesting alternative is} 15... Bf6 $5 16. Bf4 (16. O-O d5 17. Nd2 e5)
16... e5 (16... Bxb2 17. Bxd6 Bc3+ 18. Kf1 $16) (16... Bc3+ 17. Bd2) 17. Bg3 (
17. Be3 d5) 17... Be6 $15) 16. Bd2 {White is going to castle long, as it is
quite dangerous to castle short with h6 pawn.} (16. O-O Bf6 17. f4 e4 $1 18.
dxe4 Ba6 $17) 16... Bf6 $1 {preparing to push forward "d" pawn.} 17. O-O-O d5
18. Na5 (18. Ne3 Rb8 {with initiative.}) 18... Rb8 $36 19. Bc3 c4 $2 {Black is
playing too aggressively.} ({Simple and strong was} 19... Qb6 $1 20. b3 (20.
Nb3 c4 21. dxc4 Ba6 $17) (20. Rhe1 e4 $17) 20... Qc7 $1 $17 {[%cal Gb8b5,Gb8b4]
}) 20. dxc4 d4 ({Deserves attention:} 20... e4 $5 21. Qe3 $1 (21. Bxf6 Rxf6 22.
Qe1 Qe5 23. c3 Bg4 24. Rd4 $13 (24. Rd2 $2 d4 $1 $17)) 21... Bg4 (21... d4 22.
Rxd4 $1) 22. Rd2 $14) (20... Bf5 $5 21. Nb3 $13) 21. Be1 (21. Bd2 $5) 21... e4
(21... Qb6 22. Nb3 Be6 $44 (22... Qa6)) (21... Be6 $5 {comes to consideration
as well.}) 22. Nb3 ({Worse is} 22. Qxe4 d3 23. cxd3 (23. Nb3 Bf5) (23. b4 Bf5 (
23... dxc2) 24. Qxc6 Qe5 25. Qd5+ Qxd5 26. cxd5 dxc2 $19) 23... Bd7 $3 $17 24.
b4 $140 Rbe8 $19) 22... Qe5 ({Worth consideration:} 22... Qf4+ $5 23. Bd2 (23.
Qd2 e3) (23. Rd2 Bg4 $17) (23. Kb1 Bg4 $19) 23... Qe5 $1 {[%cal Gd4d3]} 24. f4
$13) 23. f3 $1 Qf4+ (23... Bf5 $5 24. fxe4 d3 25. cxd3 Bg4 26. Qc2 Bxd1 27.
Kxd1 $14) 24. Bd2 (24. Kb1 e3 $13) 24... e3 25. Be1 (25. Ba5 Be6 $44) 25... c5
({Interesting was} 25... Be6 26. g3 Qe5 $44 {For example:} 27. c3 (27. Nxd4 c5)
27... dxc3 28. Bxc3 Qxg3 29. Bxf6 Rxf6) 26. Nxc5 d3 (26... Bf5 {deserved
attention.}) 27. Nxd3 Qxc4 28. Qxe3 (28. b3 Qa6 29. Qxe3 Qxa2 30. Qc5 $1 $13)
28... Bd4 $2 {Black gets quite a strong compensation after the following
continuations:} (28... Qxa2 29. Bc3 Bxc3 30. bxc3 Bf5 $44) (28... Bf5 $1 29. b3
Qa6 30. Kb1 Rfc8 $44) 29. Qe7 $2 {missing more attractive option:} (29. Qe4 $1
Bf5 30. b3 $1 Bxe4 31. bxc4 Bf5 32. Bf2 $18) 29... Qxa2 30. Bc3 (30. c3 Qa1+ (
30... Bf6 31. Qa3 Qc4 32. Qc5) 31. Kc2 Qa4+ $11) 30... Bxc3 31. bxc3 $16 {
White is two pawns up, while black's attack is almost parried. Overmore,
black's monarch is quite vulnerable now. All these factors promise white an
obvious advantage.} Rb7 32. Qe4 ({Maybe stronger was} 32. Qe5 $5 Rd8 33. Kd2 (
33. Rh4 $4 Rb1+ 34. Kd2 Rxd3+ $1 $19) 33... Rbd7 34. Ke3 $1 Qxc2 35. Nc5 $1 $18
) 32... Rd8 33. Rh4 $1 {[%cal Ge4c4] Very strong move, which adds the resourse
of the check from c4. From now all the white pieces are in the game.} (33. Kd2
Rxd3+ $19) 33... Rb1+ ({More resistant was} 33... Qa3+ 34. Kd2 Qd6 35. Qd4 Qe7
36. Qg7+ Qxg7 37. hxg7 $16) 34. Kd2 Ba6 {The following continuations don't
change anything:} (34... Bf5 35. Qc4+ Qxc4 36. Rxc4 $18) (34... Rxd1+ 35. Kxd1
Qf7 36. Rf4 Bf5 37. Qc4 $18) 35. c4 $1 $18 {White not also parried black's
attack, but disconnected black queen form its king!} Rb7 (35... Rxd1+ 36. Kxd1
Qa1+ 37. Kd2 Qf6 38. Rf4 $18) 36. Qe6+ Rf7 37. Rf4 Qa5+ (37... Rdf8 38. Rxf7
Rxf7 39. Ne5) 38. Ke2 1-0

[Event "EU-chT (Men) 14th"]
[Site "Plovdiv"]
[Date "2003.10.12"]
[Round "2.1"]
[White "Gelfand, Boris"]
[Black "Lautier, Joel"]
[Result "1/2-1/2"]
[WhiteElo "2703"]
[BlackElo "2666"]
[Annotator "Erenburg,S"]
[PlyCount "73"]
[EventDate "2003.10.10"]
[EventType "team-swiss"]
[EventRounds "9"]
[EventCountry "BUL"]
[SourceTitle "CBM 098"]
[Source "ChessBase"]
[SourceDate "2004.02.03"]
[SourceVersion "1"]
[SourceVersionDate "2004.02.03"]
[SourceQuality "1"]
[WhiteTeam "Israel"]
[BlackTeam "France"]
[WhiteTeamCountry "ISR"]
[BlackTeamCountry "FRA"]

1. e4 c5 2. Nf3 Nc6 3. Bb5 e6 4. Bxc6 bxc6 5. b3 {Other possible continuations:
} (5. d3 d5 6. O-O Nf6 7. e5 Nd7 8. Qe2 Be7 9. c4 O-O 10. Nc3 Qc7 11. Bf4 Ba6
12. Rfe1 Rae8 13. b3 $14 {[%csl Ra6][%cal Gh2h4,Gh4h5,Gh5h6] 1-0 Yandemirov,
V-Lependin,A/Tomsk RUS 2002/The Week in Chess 402 (39)}) (5. O-O Qc7 6. b3 Ne7
7. Ba3 d6 8. c3 Ba6 9. Re1 Ng6 10. d4 Be7 11. dxc5 dxc5 12. Qc2 Qa5 13. Bb2 O-O
14. c4 e5 15. Nc3 f6 $11 {[%cal Gg6f4,Gf4e6,Ge6d4] 1-0 Ponomariov,R-Dreev,A/
Moscow RUS 2002/The Week in Chess 395 (38)}) (5. e5 $6 f6 6. O-O fxe5 7. Nxe5
Nf6 8. c4 d6 9. Ng4 Be7 10. f4 O-O $15 {1/2-1/2 Sabol,M-Michalek,J/CZE 2000/
EXT 2001 (36)}) (5. Nc3 Ne7 6. d3 Ng6 7. h4 h5 8. e5 f6 9. Qe2 Qc7 10. exf6
gxf6 11. Bd2 d5 12. O-O-O Bd7 13. Kb1 O-O-O $44 {1/2-1/2 Klinova,M-Iordachescu,
V/Wijk aan Zee NED 2002/The Week in Chess 378 (49)}) (5. c4 Ne7 6. Nc3 Ng6 7.
h4 h5 8. d3 e5 9. g3 d6 10. Qa4 Bd7 11. Nh2 Be7 12. Bd2 Nf8 13. Ne2 Ne6 $15 {
0-1 Day,L-Nijboer,F/Amsterdam 2001/CBM 83 ext (38)}) 5... f6 6. Ba3 $146 {
The main idea of this novelty is to provide d2-d4, afterware white can change
the dark-squared bishops, that will weaken dark squares in the black camp. By
the way, white robs from black the option of developing the knight to g6 via
e7. In the previous game white continued} (6. d4 $5 {1-0 Cao Sang-Horvath,P/
Balatonlelle 2002/CBM 90/[Rabinovich,Al] (43)}) (6. O-O {0-1 Balashov,
Y-Bocharov,D/Moscow 2002/CBM 88/[Oratovsky,M] (42)}) 6... Nh6 (6... e5 7. O-O {
with following transfer of knight to a4 via c3.}) 7. d4 Qa5+ {Important check.
Otherwise, white's advantage is quite clear:} (7... cxd4 8. Bxf8 Rxf8 9. Qxd4
$14) 8. c3 cxd4 ({Worse is} 8... d5 {, in view of} 9. exd5 cxd5 10. dxc5 Bxc5
$141 11. b4) 9. Bxf8 Rxf8 10. b4 {White doesn't get anything special after the
following continuations:} (10. Qxd4 e5 11. Qd3 Ba6) (10. Nxd4 Ba6 11. b4 Qg5)
10... Qb6 11. Nxd4 a5 {Black attacks immediately white's pawn construction on
the queenside. Other possibilities are:} (11... Ba6 12. Nb3 $14 {[%cal Gb3c5]})
(11... d5 12. Nb3 $14) (11... c5 $2 12. Qh5+ $16) 12. bxa5 ({Deserves
attention:} 12. a3 d5 13. Nb3 $14) 12... Qb2 {That was black's idea! Otherwise,
white is slightly better:} (12... Rxa5 13. Nb3) 13. Nb3 Ba6 $1 {preventing
from white a castle.} 14. Nc5 $6 ({Comes to consideration:} 14. Qd2 $5 Qxd2+
15. N1xd2 $13) 14... Kf7 $1 {Strong move. Black secures his monarch, moving it
to the kingside.} (14... Rf7 15. Nxa6 Rxa6 16. O-O $1 Rxa5 (16... Qxa1 17. Qb3)
(16... d5 17. Nd2 $14) 17. Qd6 $1 {[%cal Gb1d2]} Qxa1 $140 18. Qb8+ Ke7 19.
Qb4+ $16) 15. Nd2 (15. Nxa6 Qxa1 16. Nc5 Rfb8 17. O-O d5 $17) 15... Qxc3 16.
Nxa6 (16. Rc1 Qxa5) 16... Qxa5 $1 {more precise, than} (16... Rxa6 17. O-O Qxa5
18. Nb3 $15) 17. O-O Qxa6 $17 {Black is a pawn up, and it is difficult to see
how can white to get a compensation...} 18. e5 ({Probably better was} 18. Nb3)
18... Qd3 ({Maybe better was to eliminate white's last central pawn and remain
for himself (for black) phalanx of three central pawns:} 18... fxe5 19. Nf3
Rfd8 20. Nxe5+ Kg8 $17) 19. Qh5+ Kg8 20. Rad1 Qf5 {In my opinion, black had a
more attractive continuation:} (20... fxe5 $1 21. Nf3 Qf5 22. Qxf5 Rxf5 23.
Rxd7 e4 24. Nd4 (24. Ne1 Rxa2 25. Rd6 Rc5 26. Rxe6 Re2 $19 {[%cal Gh6g4,Gc5c2]}
) 24... Rd5 25. Rxd5 cxd5 $17 {/-+}) 21. Qxf5 Nxf5 22. Nc4 Ra7 ({White has
some chances for a draw after} 22... Rxa2 23. Rxd7 (23. Nb6) 23... Rc2 24. Na3)
23. a4 Rb8 (23... Rxa4 {seems strong:} 24. Nb6 Rd4 25. exf6 (25. Nxd7 Rd8 26.
Rxd4 Nxd4 27. Nb6 Ne2+ 28. Kh1 fxe5 $19) 25... d6 $19) 24. a5 Rb5 $2 {throwing
away an advantage. Better was} (24... Rb4 $1 25. Nb6 (25. Rc1 Nd4 26. Rfe1 Nb3
27. Rb1 Rxc4 28. Rxb3 Rxa5 $19) 25... Rxa5 26. Nxd7 fxe5 27. Ra1 (27. Rde1 e4
$19) (27. Rfe1 Rd4 $19) 27... Rd5 $19) 25. f4 $1 $44 {White succeeded to build
quite a stable construction, which is based on the well-located knight. Now it
isn't so easy for black to find the winning plan, as he cannot push forward
his pawns.} Rb4 26. Rc1 Rxc4 $6 {leads to a drawish endgame. On the other hand,
it isn't an easy job to point out any improvement. For instance:} (26... Nd4
27. Rf2 Nb3 28. Rc3 Nxa5 29. Ra2 {and white will get a draw.}) 27. Rxc4 Ne3 28.
Ra4 Nxf1 29. Kxf1 {In this endgame black's extra pawn has no real sugnificent,
as black;s pawns are fixed by white's e5 pawn. White is going to activate his
king, that together with an advanced "a" pawn and an active rook will promise
him a draw.} Kf7 30. Ke2 Ke7 ({Doesn't change anything:} 30... g5 31. g3 gxf4
32. gxf4 Kg6 33. Kd3 Kf5 34. Kd4) 31. Kd3 Kd8 (31... d6 {maybe gives black
more chances. But with an exact play white gets a draw:} 32. Kd4 Kd7 33. a6 Kc7
34. exd6+ Kxd6 35. Ra5) 32. Kc4 Kc7 (32... Ra6 33. h4 Kc7 34. Kc5) 33. a6 $1 {
Last precise move. It wasn't too late to make a mistake:} (33. Kc5 Rb7 34. a6
Rb5+ 35. Kd4 Kb8 $19) 33... Kb6 34. Rb4+ Kc7 (34... Kxa6 35. Kc5 Rc7 36. Kd6 c5
37. Rb2 Rb7 38. Ra2+ Kb6 39. Rc2 $11) 35. Ra4 Kb6 36. Rb4+ Kc7 37. Ra4 1/2-1/2